| 000 | 00625cam a22001577a 4500 | ||
|---|---|---|---|
| 008 | 180718b1995 xxu||||| |||| 00| 0 eng d | ||
| 082 | _a4B301x54 L579 | ||
| 100 | _aColloquium on Ombudsmen: India and the World Community (March, 1995: New Delhi) | ||
| 245 |
_aProceedings _cedited by Norman Lewis and S.S. Singh |
||
| 260 |
_aNew Delhi _bIndian Institute of Public Administration _c1995 |
||
| 300 | _a224p. | ||
| 500 | _aThe study was jointly organised by the British Council Division and the Indian Institute of Publlic Administration, New Delhi | ||
| 650 | _aOmbudsman | ||
| 700 | _aSingh, S.S. | ||
| 700 | _aLewis, Norman | ||
| 999 |
_c481139 _d481139 |
||